Statistics for Niall Horan

Click here to take the quiz!

General Stats

  • This quiz has been taken 2,636 times
    (2,544 since last reset)
  • The average score is 5 of 16

Answer Stats

Hint Answer % Correct
How many siblings1
87%
Eye colorBlue
85%
Favorite colorGreen
79%
Real hair colorBrown
75%
Instrument he playsGuitar
70%
Sun or Snow?Sun
65%
Favorite sportSoccer
37%
FromMullingar,Ireland
23%
Birthday9/13/93
7%
If he had 1 superpower it would beInvisibility
7%
Favorite BandThe Script
3%
Fan ofLiam
2%
Celebrity crushDemi Lovato or Cheryl Cole
1%
3 things he can't live withoutPhone,heart,his family
1%
If he wasn't in 1D right now what would he be doing right nowSound Engineering at Uni
1%
Who's celebrity style does he admire mostTinie Tempah
0%

Score Distribution

Percentile by Number Answered

Percent of People with Each Score

Your Score History

You have not taken this quiz since the last reset